| Tag |
First Indicator |
Second Indicator |
Subfields |
| LEADER |
00000cam a22000004a 4500 |
| 001 |
in00003400549 |
| 005 |
20190405203605.0 |
| 006 |
m o d |
| 007 |
cr |||||||nn|n |
| 008 |
020807s2003 ilu o d eng d |
| 010 |
|
|
|z 2002012714
|
| 020 |
|
|
|a 9780252092121
|
| 020 |
|
|
|z 025202835X (Cloth : alk. paper)
|
| 020 |
|
|
|z 9780252075285
|
| 035 |
|
|
|a (MdBmJHUP)muse9780252092121
|
| 040 |
|
|
|a MdBmJHUP
|c MdBmJHUP
|d UtOrBLW
|
| 043 |
|
|
|a n-us-ms
|
| 050 |
0 |
0 |
|a ML420.J735
|b P4 2003
|
| 082 |
0 |
0 |
|a 782.421643/092
|a B
|2 21
|
| 100 |
1 |
|
|a Pearson, Barry Lee.
|
| 245 |
1 |
0 |
|a Robert Johnson :
|b lost and found /
|c Barry Lee Pearson and Bill McCulloch.
|
| 264 |
|
1 |
|a Urbana :
|b University of Illinois Press,
|c [2003]
|
| 264 |
|
4 |
|c ©2003
|
| 300 |
|
|
|a 1 online resource (xii, 142 pages :) :
|b illustrations
|
| 336 |
|
|
|a text
|b txt
|2 rdacontent
|
| 337 |
|
|
|a computer
|b c
|2 rdamedia
|
| 338 |
|
|
|a online resource
|b cr
|2 rdacarrier
|
| 504 |
|
|
|a Includes bibliographical references (pages 129-136) and index.
|
| 505 |
0 |
|
|a Making of a paper trail -- Our hero -- The anecdotes -- Early notices -- The Reissue project, phase one -- Reissue, phase two -- Myth eclipses reality -- Reissue, phase three, or fifteen minutes of fame -- A myth to the twenty-first century -- Satan and sorcery -- The song texts -- A house of cards -- Who was he, really?.
|
| 588 |
|
|
|a Description based on print version record.
|
| 500 |
|
|
|a Electronic resource.
|
| 600 |
1 |
0 |
|a Johnson, Robert,
|d 1911-1938.
|
| 650 |
|
0 |
|a Blues musicians
|z Mississippi
|v Biography.
|
| 655 |
|
7 |
|a Electronic books.
|2 local
|
| 700 |
1 |
|
|a McCulloch, Bill.
|
| 856 |
4 |
0 |
|u http://proxy.library.tamu.edu/login?url=http://muse.jhu.edu/books/9780252092121/
|z Connect to the full text of this electronic book
|t 0
|
| 999 |
|
|
|a MARS
|
| 999 |
f |
f |
|s a89a4444-43ac-380e-97a8-0417943571de
|i 35c4c048-77d6-3c17-bc07-67dc2a52cb3b
|t 0
|
| 952 |
f |
f |
|a Texas A&M University
|b College Station
|c Electronic Resources
|d Available Online
|t 0
|e ML420.J735 P4 2003
|h Library of Congress classification
|
| 998 |
f |
f |
|a ML420.J735 P4 2003
|t 0
|l Available Online
|